Quizzes
Events
Quiz Creation
Community
Videos
Private Events
Remove Ads
Sign In
Join for FREE
Feedback
Dark Mode
Quiz Categories
Sports
Geography
Music
Movies
Television
Just For Fun
Miscellaneous
History
Literature
Language
Science
Gaming
Entertainment
Religion
Holiday
For Kids
Quiz Lab
Recent
Popular Today
Quiz Kudos Today
Editor Picks
Curator Picks
Quizzes by...
Day
Popularity
Type
Ratings
Length
Year
Community
Subscriptions
Recent Discussions
Orange Saloon
Badges
Playlists
Quests
Create
Leaderboards
Showdown
Live 5
Trivia Bingo
Activity
Puzzle Library
Sporcle Events
Private Events
Virtual Trivia
Globe League
Become a Host
Pub Owners
SporcleCon
Opinionation
Our Games
Videos
Blog
Mobile Apps
Partnerships
Remove Ads and Go Orange
Feedback
Sports
Athletes
MLB
NBA
NHL
NFL
Soccer
Sports Teams
WWE
NCAA
Football
Premier League
Basketball
Baseball
Hockey
Golf
Tennis
Cricket
Rugby
Auto Racing
Olympics
World Cup
Sports
Athletes
MLB
NBA
NHL
NFL
Soccer
Sports Teams
WWE
NCAA
Football
Premier League
Basketball
Baseball
Hockey
Golf
Tennis
Cricket
Rugby
Auto Racing
Olympics
World Cup
Random Quiz
Search Sporcle
×
Quiz Lab
Quiz Lab
Sports
MLB
Type in answers that appear in a list
Type in answers that appear in a list
Classic
Best Score? Go Orange.
MLB NL MVP's 1980-2016 Stats
Can you name the MLB NL MVP's 1980-2016?
By
brocko15
10m
37 Questions
78 Plays
78 Plays
78 Plays
Comments
Comments
Give Quiz Kudos
Give Quiz Kudos
-
- Ratings
hide this ad
Replay
Link that replays current quiz
Next Quiz
Link to next quiz in quiz playlist
You Got
0%
They Got
Avg Score
78%
Avg Friend Score
Upgrade to see
Score Distribution
Jump to the score distribution portion of the page
Score
0/37
Timer
10:00
0
Plays Today
Hint
Answer
% Correct
1990
Barry Bonds
94.9%
1992
Barry Bonds
94.9%
1993
Barry Bonds
94.9%
2001
Barry Bonds
94.9%
2002
Barry Bonds
94.9%
2003
Barry Bonds
94.9%
2004
BArry Bonds
94.9%
2005
Albert Pujols
89.7%
2008
Albert Pujols
89.7%
2009
Albert Pujols
89.7%
2016
Kris Bryant
85.9%
1980
Mike Schmidt
83.3%
1981
Mike Schmidt
83.3%
1986
Mike Schmidt
83.3%
2014
Clayton Kershaw
83.3%
1998
Sammy Sosa
82.1%
1999
Chipper Jones
80.8%
2007
Jimmy Rollins
80.8%
2012
Buster Posey
80.8%
Hint
Answer
% Correct
2006
Ryan Howard
78.2%
2000
Jeff Kent
76.9%
2011
Ryan Braun
76.9%
2015
Bryce Harper
76.9%
1987
Andre Dawson
75.6%
1994
Jeff Bagwell
75.6%
1982
Dale Murphy
73.1%
1983
Dale Murphy
73.1%
2010
Joey Votto
71.8%
1989
Kevin Mitchell
70.5%
1995
Barry Larkin
70.5%
1985
Willie Mcgee
69.2%
1988
Kirk Gibson
69.2%
1997
Larry Walker
69.2%
2013
Andrew McCutchen
67.9%
1984
Ryan Sandberg
47.4%
1991
Terry Pendleton
47.4%
1996
Ken Caminiti
46.2%
Quiz Playlist
Details
Report
Send in Message
Add To Playlist
Classic:
Type in answers that appear in a list
Quiz Source
Last Updated: Oct 15, 2017
Quiz Scoreboard
CHALLENGE
Sign Up to Join the Scoreboard
Show All
Scores
Hide
Comments
May contain spoilers
Recently Published
An Introduction to Baseball
by treessimontrees
Sports
5m
Movies - When Are They Set?
by FPL_Elf
Movies
5m
Popular People in 1961
by mucciniale
History
6m
More to Explore
Quiz From the Vault
Featured Blog Post
Where Did the Easter Bunny Come From?
hide this ad
You Might Also Like...
Tags
MLB Quiz
MVP
Today's Top Quizzes in Sports
Browse Sports
hide this ad
Today's Top Quizzes in MLB
Browse MLB
Top Contributed Quizzes in Sports
1
Les meilleurs buteurs des matchs entre le PSG et l’OM
2
2022 World Cup Stars
3
FIFA Club World Cup Champions
4
Les entraîneurs de l'OM et du PSG au 21e siècle
5
Name the Premier League winners with different clubs
6
La finale Lions - Afrique du Sud 2021
7
England Test cricketers to play under Nasser Hussain
8
5-to-1: UK Sports Teams
9
Les joueurs passés par le LOSC et le RC Lens
10
Criteria MLB: Left Handed Sluggers
Explore More
Trending Topics
Harry Potter
Kpop
NBA
Crossword
Disney
Anime
Marvel
WWE
Puzzle
NFL
Song
Pokémon
Soccer
Country
The Office
hide this ad
More By:
brocko15
Quiz
Plays
Rating
Category
Featured
Created
Do you know Kobe Bryant? (Troydan)
308
1.00
Sports
Oct 14, 2017
Top 10 playoff runs in NBA history? KOT4Q and korzemba
170
3.00
Sports
Oct 15, 2017
Worlds hardest basketball quiz?
127
Sports
Nov 12, 2017
MLB NL MVP's 1980-2016
78
2.00
Sports
Oct 14, 2017
Can you name the L.A. Dodgers Roster
40
Sports
Oct 15, 2017
Go to Creator's Profile
Score Distribution
Quiz Creator Spotlight
brocko15
Follow
Send a Message
Quizzes Created
-
Created Quiz Play Count
-
More By This Creator
Popular Quizzes Today
1
Find the Countries of Europe - No Outlines Minefield
2
Find the US States - No Outlines Minefield
3
The Countries of the World
4
Popular People in 1961
5
Find the US States
6
US States
7
1-10 Letter E Words III
8
Risky Map Clicking: Biggest States A-Z
More Sports Quizzes
TinyGrid: NBA Hall of Famers pt. 1
Quiz Lab
Trending Quizzes
Risky Map Clicking: Least Populous States A-Z
1-10 Letter F Words
1-10 Letter G Words
Not Quite an Element Typing Challenge
One Thing in Common: United Kingdom
Recently Updated
Leaping Animals
pecheneg
Reality TV Shows (A-Z)
bhenderson79
Rickey Henderson's Hall of Fame Teammates
pecheneg
Champions League XIs: Arsenal
pecheneg
Quick Pick: Celebrities in WWE's Hall of Fame
aduchscher
A-Z Keypad Blitz II
pecheneg
Multiple Oscar Actors
pecheneg
Mystery Phrase Blitz: Oscar 'Best Actors'
pecheneg
F. Scott Fitzgerald Novels
LTH
Pick 3 Villains
ddd62291
Trending Topics
Crossword
Kpop
Harry Potter
Disney
NBA
Marvel
Anime
Pokémon
Song
Country
Soccer
NFL
The Office
Puzzle
WWE
Your Account Isn't Verified!
In order to create a playlist on Sporcle, you need to verify the email address you used during registration. Go to your
Sporcle Settings
to finish the process.
Report this User
Report this user for behavior that violates our
Community Guidelines
.
Details:
Send Report
Go to the Sporcle.com Mobile Site →
Comments